El alba y su duelo
Saved in:
| Hovedforfatter: | |
|---|---|
| Format: | Bog |
| Sprog: | spansk |
| Udgivet: |
Santiago
Valores Literarios
1971
|
| Fag: | |
| Tags: |
Tilføj Tag
Ingen Tags, Vær først til at tagge denne postø!
|
MARC
| LEADER | 00000nam a2200000 a 4500 | ||
|---|---|---|---|
| 001 | UCQ6428 | ||
| 003 | CL-VaPUC | ||
| 008 | 981016e19710000CL |||||||||||||||||spa|d | ||
| 082 | 0 | 4 | |a Ch863 |b MER |2 21 |
| 100 | |a Merino Reyes, Luis |e autor |9 581398 | ||
| 245 | 1 | 3 | |a El alba y su duelo |
| 300 | |a 166 p | ||
| 942 | |c BK | ||
| 945 | |d 19981016 00:00:00 |a crobeson | ||
| 260 | |a Santiago |b Valores Literarios |c 1971 | ||
| 650 | 0 | |a Cuentos chilenos |9 308280 | |
| 650 | 0 | |a Literatura chilena |9 308278 | |
| 583 | |a last modification |c 19981016 00:00:00 |k Rodrigo Vera | ||
| 999 | |c 276387 |d 276385 | ||
| 952 | |0 0 |1 0 |4 0 |6 CH_863_000000000000000_MER_1971 |7 0 |8 A |9 313592 |a BIBEDU |b BIBEDU |d 2019-11-20 |i 1481509 |o Ch863 MER 1971 |p 1481509 |r 2019-11-20 |w 2019-11-20 |y BK |k LIT | ||